000 01177nam0a22002771 4500
001 rc\4737257
005 20260408081543.0
021 _aRU
_b[63-9564]
035 _a(NLR Aleph) 008735530
090 _a9501692
_c9501692
100 _a20130416d1962 |||y0rusy50 ca
101 0 _arus
102 _aRU
105 _ay z |||||
200 1 _aНормы допустимых уровней шума на морских, речных и озерных судах и правила по предупреждению их вредного воздействия
_eУтв. Гл. гос. сан. инспекцией СССР 24/IX 1962 г.
_f[Ред.-сост. Скуратова Л.Я.]
210 _a[Москва
_cБ. и.
_d1962]
215 _a11 с.
_cграф.
_d20
300 _aБез тит. л. обл.
606 _aСуда
_xБорьба с шумом
_2psbo
702 1 _aСкуратова
_bЛ.Я.
_4340
_4220
710 0 1 _aСССР
_bГлавная государственная санитарная инспекция
_3RU\NLR\AUTH\8810124909
_9747336
801 0 _aRU
_bNLR
_gpsbo
801 1 _aRU
_bELAR
_2rusmarc
852 _aNLR
_j63-4/3077
942 _cBOOK
980 _aNB